| 000 | 00883nam a2200265 a 4500 | ||
|---|---|---|---|
| 001 | C01364619c-2 | ||
| 003 | CO-ViMGA | ||
| 005 | 20230915223801.0 | ||
| 008 | 130123s2012 sp a gr 00010dspa d | ||
| 020 | _a9788415163688 | ||
| 040 |
_aCO-ViMGA _bspa _cCO-ViMGA |
||
| 041 | 1 | _heng | |
| 082 | 0 | 4 |
_a741.5 _bM66a _221 |
| 100 | 1 |
_aMoore, Alan, _d1953- _93341 |
|
| 245 | 1 | 3 |
_aEl amnios natal / _cAlan Moore, Eddie Campbell ; traducción de Santiago García. |
| 260 |
_aBilbao : _bAstiberri, _c2012. |
||
| 300 |
_a[61] p. : _bil. ; _c25 cm. |
||
| 534 | _tThe birht caul. | ||
| 600 | 1 | 4 |
_aMoore, Alan, _d1953- _v Autobiografías _v Novela gráfica. _93342 |
| 650 | 4 |
_aNovela gráfica. _92494 |
|
| 650 | 1 | 4 |
_aTiras cómicas, historietas, etc. _92479 |
| 700 | 1 |
_aCampbell, Eddie, _d1955- _93343 |
|
| 700 | 1 |
_aGarcía, Santiago, _etr. _93344 |
|
| 942 |
_2ddc _cBK |
||
| 999 |
_c10365 _d10365 |
||